Szczegóły MARC21

Rachunkowość dla ciebie : podstawy rachunkowości /

005 -DATA I CZAS OSTATNIEJ MODYFIKACJI [,]
    • @
    • pole kontrolne
    • 20080421132426.0
020 -Międzynarod. znormalizowany nr książki - ISBN [ , ]
    • a
    • Numer ISBN
    • 9788375560480 Find
040 -Instytucja sporządzająca opis [ , ]
    • a
    • Instytucja, która sporządziła opis (NP)
    • SZCZ U/ET
    • c
    • Instytucja, która sporządziła rekord (NP)
    • SZCZ U/ET
    • d
    • Instytucja, która zmodyfikowała rekord (P)
    • SZCZ U/JŚ
041 -Język dokumentu [0, ]
    • a
    • Język tekstu (P)
    • polski
044 -Kraj miejsca wydania [ , ]
    • a
    • Kraj miejsca wydania
    • Polska
942 -Rodzaj dokumentu [ , ]
    • c
    • Rodzaj dokumentu
    • Książka
245 -Strefa tytułu i oznaczenia odpowiedzialności [0,0]
    • a
    • Tytuł
    • Rachunkowość dla ciebie : Find
    • b
    • Ciąg dalszy tytułu (NP)
    • podstawy rachunkowości / Find
    • c
    • Pozostałe elementy strefy tytułu i oznaczenia odpowiedzialności (NP)
    • red. Piotr Szczypa.
260 -Strefa adresu wydawniczego [ , ]
    • a
    • Miejsce wydania (P)
    • Warszawa :
    • b
    • Nazwa wydawcy (P)
    • CeDeWu,
    • c
    • Data wydania (P)
    • 2008.
300 -Strefa opisu fizycznego [ , ]
    • a
    • Określenie formy książki i/lub objętość (NP)
    • 340 s. :
    • b
    • Oznaczenie ilustracji (NP)
    • il. ;
    • c
    • Format (NP)
    • 23 cm.
504 -Uwaga dot. bibliogr. załącznikowej [ , ]
    • a
    • Uwaga dot. bibliografii załącznikowej
    • Bibliogr.
080 -Uniwersalna Klasyfikacja Dziesiętna [ , ]
    • 2
    • Identyfikator wydania tablic
    • UDC-P058
    • a
    • Symbol klasyfikacji
    • 657
    • b
    • Dopowiedzenie
    • Rachunkowość. Księgowość.
    • x
    • Poddział wspólny
    • (075.8)
    • b
    • Dopowiedzenie
    • (Podręczniki dla szkół wyższych. Skrypty).
980 -Symbol UKD [ , ]
    • a
    • UKD
    • 657(075.8)
700 -Hasło dodatkowe - nazwa osobowa [1, ]
    • a
    • Nazwa osobowa (NP)
    • Szczypa, Piotr Find
    • 9
    • KHW
    • 7395
    • c
    • Dopowiedzenie inne niż daty biograficzne (NP)
    • (ekonomia).
920 -ISBN [ , ]
    • a
    • ISBN
    • 978-83-7556-048-0 Find
Data inwentaryzacji Lokalizacja Sygnatura Numer inwentarzowy Status udost.
2008-02-07TT.9804T.9804-2
2008-02-07TTM.5188TM.5188-3
2008-02-07TTM.5189TM.5189-3
2008-02-07TTM.5190TM.5190-3
2008-02-07TTM.5191TM.5191-3
2008-02-07TTM.5192TM.5192-3
2008-02-07TTM.5193TM.5193-3
2008-02-07TTM.5194TM.5194-3
2008-02-07TTM.5195TM.5195-3
2008-03-14TTM.5412TM.5412-6
2008-02-07TTM.5187TM.5187-2
2008-08-28TTM.5866TM.5866-6
2008-10-17TTM.5949TM.5949-6
2008-10-17TTM.5950TM.5950-3
2008-10-17TTM.5951TM.5951-3
2008-10-17TTM.5952TM.5952-3
2008-10-17TTM.5953TM.5953-6
2009-02-13TTM.6343TM.6343-6
2009-02-24TTM.6387TM.6387-3
2009-04-27TTM.6509TM.6509-3
2010-05-19TTM.7178TM.7178-3
2010-10-08TTM.7384TM.7384-6
2010-10-08TTM.7385TM.7385-6
2011-09-14TTM.8025TM.8025-6
2011-09-14TTM.8026TM.8026-6
2013-04-05TTM.9050TM.9050-6
2014-06-04TTM.11329TM.11329-3
2015-01-29TTM.12167TM.12167-3